00000000nam 2200000za 4500
0019.850652
003CaOODSP
00520221107154213
007cr |||||||||||
008180124s2003    bccb   #o    f000 0 eng d
040 |aCaOODSP|beng
043 |an-cn---
0861 |aR33-16/2003E-PDF
24500|aSliammon First Nation agreement in principle |h[electronic resource].
260 |aSliammon, British Columbia : |bIndian Affairs and Northern Development, |c2003.
300 |a121, [3] p. : |bmaps
500 |aTitle from cover.
500 |aDigitized edition from print [produced by Indigenous and Northern Affairs Canada].
520 |a"Consistent with Paragraph 1 of the Approval of the Agreement-in-Principle Chapter, we are writing to confirm that negotiations have reached a point where we are prepared tobring this Agreement-in-Principle, in its entirety and dated for reference June 6, 2003, to our principals for approval. As set out in Paragraph 2 of the General Provisions Chapter,the Agreement-in-Principle will form the basis of Final Agreement and Governance Agreement negotiations. The Parties are committed to carrying out their approval processes in a timely fashion"--Recommendation Letter.
69207|2gccst|aIndians
69207|2gccst|aAgreements
69207|2gccst|aLand claims
7101 |aCanada. |bIndian and Northern Affairs Canada.
85640|qPDF|s21.31 MB|uhttps://publications.gc.ca/collections/collection_2018/aanc-inac/R33-16-2003-eng.pdf